| 000 | 01278 a2200409 4500 | ||
|---|---|---|---|
| 003 | Nust | ||
| 005 | 20170207154050.0 | ||
| 020 | _a0-8389-0908-6 (pbk.) : | ||
| 035 | _a(Uk)013250863 | ||
| 040 | _cNust | ||
| 082 | 0 | 4 | _a025.560785 |
| 100 | 1 | _aSmith, Susan Sharpless | |
| 245 | 1 | 0 |
_aWeb-based instruction :a guide for libraries(E-BOOK) _cSusan Sharpless Smith |
| 250 | _a2. ed. | ||
| 260 |
_aChicago, Ill. ; _aLondon : _bAmerican Library Association, _c2005 |
||
| 300 |
_axv, 263 s. ; _c26 cm. |
||
| 500 | _aPrevious ed.: 2001 | ||
| 650 | 0 | _aBibliotek | |
| 650 | 0 |
_aBibliotekskunskap _xstudier och undervisning |
|
| 650 | 0 |
_aBibliotekskunskap _xstudier och undervisning _xh?olan |
|
| 650 | 0 | _aComputer managed instruction | |
| 650 | 0 | _aComputer-assisted instruction | |
| 650 | 0 | _aDatorst?undervisning | |
| 650 | 0 | _aInternet | |
| 650 | 0 | _aInternet | |
| 650 | 0 | _aLibraries | |
| 650 | 0 | _aLibraries and the Internet | |
| 650 | 0 | _aLibrary orientation | |
| 650 | 0 | _aLibrary orientation for college students | |
| 650 | 0 |
_aLibrary orientation _xComputer-assisted instruction |
|
| 650 | 0 |
_aLibrary Web sites _xDesign |
|
| 650 | 0 |
_aWeb sites _xDesign |
|
| 650 | 0 |
_aWeb sites _xDesign |
|
| 650 | 0 | _aWeb-based instruction | |
| 650 | 0 | _aWebbdesign | |
| 651 | _aE-BOOK | ||
| 942 |
_2ddc _cBK |
||
| 999 |
_c193062 _d193062 |
||